La empresa social y su organizacin̤ jurd̕ica

Bibliographic Details
Main Author: Andreu Mart,̕ M.® Del Mar
Format: eBook
Language:Spanish
Published: Madrid: Marcial Pons, 2014
Subjects:
Online Access:Acceso restringido

MARC

LEADER 00000nam a22000007a 4500
005 20210520221433.0
007 cr|||| ||||
008 210520s2014 es |||||s|||| 00||0 spa d
020 |a 978-84-1381-174-1 
035 |a 33679 
040 |a vLex 
090 |c 11750  |d 11750 
100 1 |a Andreu Mart,̕ M.® Del Mar 
245 1 2 |a La empresa social y su organizacin̤ jurd̕ica  |h [Recurso electrn̤ico] /  |c M.® Del Mar Andreu Mart̕ 
256 |a Servicio en ln̕ea 
260 |a Madrid:  |b Marcial Pons,  |c 2014 
300 |a 1 recurso electrn̤ico 
500 |a Las empresas sociales aparecen en el panorama social y econm̤ico con la voluntad de corregir un sector pb︢lico que provee deficientemente los servicios sociales y un sector privado quiz ̀poco ťico en ocasiones con sus empleados y/o clientes y con una escasa preocupacin̤ por los efectos medioambientales y sociales de su actividad. El estudio sobre el emprendedor social, emprendimiento social o empresas sociales se suele enmarcar en el m̀bito de la economa̕ social y, ms̀ en particular, en la denominada economa̕ solidaria. La empresa social es una nueva figura que no obedece al ǹimo de lucro o a la estructura de propiedad, sino ms̀ bien a la naturaleza de la actividad desarrollada. Su finalidad es la solucin̤ de los problemas sociales bs̀icos de los seres humanos de una manera autosuficiente y rentable, y donde atributos como ±sin ǹimo de lucro», ±pb︢lico» o ±privado» pasan a un segundo lugar para definirlas y clasificarlas. Es una nueva categora̕ organizativa que permite simultǹeamente la creacin̤ de valor econm̤ico y social. Los diversos modos de entender la empresa social se reflejan en las diferentes formas jurd̕icas en que se puede organizar. La variedad abarca formas tradicionales como cooperativas y asociaciones as ̕como formas ms̀ novedosas en este m̀bito, como las sociedades limitadas. Al estudio de esta nueva realidad se dedica la presente obra. 
506 1 |a Disponible solo en los productos indicados  |d vLex Global  |d vLex Global (Academic Edition, excluding Law Schools)  |d vLex Global (U.S. Academic Edition, Law Schools)  |d vLex Global (U.S. Academic Edition, excluding Law Schools)  |d vLex Global (Academic Edition, Law Schools) 
650 0 4 |a Derecho Mercantil y de la Empresa  |z Espaą 
740 0 |a vLex Libros (Servicio en ln̕ea) 
856 4 0 |u https://vlex.com/source/empresa-social-y-su-organizacion-juridica-33679  |z Acceso restringido 
942 |c BOOK 
999 0 |a Commercial and Company Law